The community of believers: law, rituals and magic in a self-governed Bolivian prison
Within the self-governed prison of San Pedro (La Paz-Bolivia), Andean ritual specialists (yatiris) play an important role. They adapt themselves to an unusual scenario and work to solve problems concerning imprisonment, marking an important arena of hope and contention. Based on a long-term ethnogra...
| Main Author: | |
|---|---|
| Format: | Print Article |
| Language: | English |
| Published: |
2021
|
| In: |
Carceral communities in Latin America
Year: 2021, Pages: 195-211 |
| Check availability: | HBZ Gateway |
| Keywords: |
MARC
| LEADER | 00000caa a2200000 c 4500 | ||
|---|---|---|---|
| 001 | 1945706678 | ||
| 003 | DE-627 | ||
| 005 | 20260128170442.0 | ||
| 007 | tu | ||
| 008 | 251210s2021 xx ||||| 00| ||eng c | ||
| 020 | |a 9783030614980 | ||
| 035 | |a (DE-627)1945706678 | ||
| 035 | |a (DE-599)KXP1945706678 | ||
| 040 | |a DE-627 |b ger |c DE-627 |e rda | ||
| 041 | |a eng | ||
| 084 | |a 2,1 |2 ssgn | ||
| 100 | 1 | |a Cerbini, Francesca |e VerfasserIn |4 aut | |
| 245 | 1 | 4 | |a The community of believers: law, rituals and magic in a self-governed Bolivian prison |c Francesca Cerbini |
| 264 | 1 | |c 2021 | |
| 336 | |a Text |b txt |2 rdacontent | ||
| 337 | |a ohne Hilfsmittel zu benutzen |b n |2 rdamedia | ||
| 338 | |a Band |b nc |2 rdacarrier | ||
| 500 | |a Literaturverzeichnis: Seite 210-211 | ||
| 520 | |a Within the self-governed prison of San Pedro (La Paz-Bolivia), Andean ritual specialists (yatiris) play an important role. They adapt themselves to an unusual scenario and work to solve problems concerning imprisonment, marking an important arena of hope and contention. Based on a long-term ethnography, the case study presented in this chapter sheds light on how spirituality and rituals are mobilized to create a community of believers and to produce new subjectivities and a certain knowledge of the prison space. I demonstrate how Andean rituals, magic and witchcraft may offer a system and a practice of order within ambiguous circumstances, where legitimization processes are to be constantly redefined and negotiated and where different powers are set against each other to create or destroy likewise. | ||
| 689 | 0 | 0 | |d g |0 (DE-588)4078014-4 |0 (DE-627)106078712 |0 (DE-576)209206950 |a Südamerika |2 gnd |
| 689 | 0 | 1 | |d g |0 (DE-588)4007607-6 |0 (DE-627)106372637 |0 (DE-576)20887125X |a Bolivien |2 gnd |
| 689 | 0 | 2 | |d s |0 (DE-588)4057808-2 |0 (DE-627)106149415 |0 (DE-576)20912377X |a Strafvollzug |2 gnd |
| 689 | 0 | 3 | |d s |0 (DE-588)4073137-6 |0 (DE-627)106093193 |0 (DE-576)209189517 |a Justizvollzugsanstalt |2 gnd |
| 689 | 0 | 4 | |d s |0 (DE-588)4054442-4 |0 (DE-627)106162756 |0 (DE-576)209108711 |a Selbstverwaltung |2 gnd |
| 689 | 0 | 5 | |d s |0 (DE-588)4116568-8 |0 (DE-627)105805785 |0 (DE-576)209502630 |a Spiritualität |2 gnd |
| 689 | 0 | 6 | |d s |0 (DE-588)4226660-9 |0 (DE-627)104969865 |0 (DE-576)210315989 |a Rituale |2 gnd |
| 689 | 0 | 7 | |d s |0 (DE-588)4130711-2 |0 (DE-627)105700479 |0 (DE-576)209621281 |a Schwarze Magie |2 gnd |
| 689 | 0 | |5 (DE-627) | |
| 773 | 0 | 8 | |i Enthalten in |t Carceral communities in Latin America |d Cham : Palgrave Macmillan, 2021 |g (2021), Seite 195-211 |h xvii, 420 Seiten |w (DE-627)180123731X |z 9783030614980 |7 nnam |
| 773 | 1 | 8 | |g year:2021 |g pages:195-211 |
| 776 | 1 | |o 10.1007/978-3-030-61499-7_9 | |
| 951 | |a AR | ||
| ELC | |b 1 | ||
| LOK | |0 000 xxxxxcx a22 zn 4500 | ||
| LOK | |0 001 4825897290 | ||
| LOK | |0 003 DE-627 | ||
| LOK | |0 004 1945706678 | ||
| LOK | |0 005 20251210080408 | ||
| LOK | |0 008 251210||||||||||||||||ger||||||| | ||
| LOK | |0 040 |a DE-2619 |c DE-627 |d DE-2619 | ||
| LOK | |0 092 |o n | ||
| LOK | |0 852 |a DE-2619 | ||
| LOK | |0 852 1 |9 00 | ||
| LOK | |0 939 |a 10-12-25 |b l01 | ||
| ORI | |a SA-MARC-krimdoka001.raw | ||
| TIM | |a 100018250806_100020261231 |b 1825-08-06 - 2026 | ||
